Reservation policy: (Record no. 153179)

MARC details
000 -LEADER
fixed length control field 00727nam a22002057a 4500
005 - DATE AND TIME OF LATEST TRANSACTION
control field 20180628111915.0
010 ## - LCCN (DPL NO)
LC control number B-129970
020 ## - INTERNATIONAL STANDARD BOOK NUMBER
International Standard Book Number 8188340103
Terms of availability 395.00
035 ## - SYSTEM CONTROL NUMBER
System control number B-129970
037 ## - SOURCE OF ACQUISITION
Stock number dpl
Source of stock number/acquisition Samrudh Bharat Publication
082 ## - DEWEY DECIMAL CLASSIFICATION NUMBER
Classification number 305.56
100 ## - MAIN ENTRY--PERSONAL NAME
Personal name Samujh, Ram
245 ## - TITLE STATEMENT
Title Reservation policy:
Remainder of title its relevance in modern india/
Statement of responsibility, etc by Ram Samujh
260 ## - PUBLICATION, DISTRIBUTION, ETC. (IMPRINT)
Place of publication, distribution, etc Mumbai
Name of publisher, distributor, etc Samrudh Bharat Publication
Date of publication, distribution, etc 2005
270 ## - ADDRESS
Address B-6, Shalimar Apt., W.E. Highway
City Mumbai
Postal code 400055
300 ## - PHYSICAL DESCRIPTION
Extent 411p.
Dimensions 23cm(Hb)
500 ## - GENERAL NOTE
General note Including bibligraphy
942 ## - ADDED ENTRY ELEMENTS (KOHA)
Source of classification or shelving scheme Dewey Decimal Classification
Item type English Books
Classification part 305.56
Call number suffix SAM
Holdings
Withdrawn status Lost status Not for loan Collection code Home library Current library Date acquired Full call number Barcode Copy number Koha item type
      Non-fiction Sarojini Nagar Sarojini Nagar 28/06/2018 305.56 SAM B-129970 1 English Books

© Delhi Public Library
Hit Counter
free hit counter